German generals of World War II : (Record no. 187193)
[ view plain ]
| 000 -LEADER | |
|---|---|
| fixed length control field | 01194 a2200241 4500 |
| 003 - CONTROL NUMBER IDENTIFIER | |
| control field | NUST |
| 005 - DATE AND TIME OF LATEST TRANSACTION | |
| control field | 20230131134440.0 |
| 010 ## - LIBRARY OF CONGRESS CONTROL NUMBER | |
| LC control number | 76062518 |
| 020 ## - INTERNATIONAL STANDARD BOOK NUMBER | |
| International Standard Book Number | 0806114061 : |
| 040 ## - CATALOGING SOURCE | |
| Transcribing agency | Nust |
| 082 00 - DEWEY DECIMAL CLASSIFICATION NUMBER | |
| Classification number | 940.56,MEL |
| -- | B |
| 100 1# - MAIN ENTRY--PERSONAL NAME | |
| Personal name | Mellenthin, F. W. von |
| 9 (RLIN) | 48661 |
| 245 10 - TITLE STATEMENT | |
| Title | German generals of World War II : |
| Remainder of title | as I saw them / |
| Statement of responsibility, etc. | by F. W. von Mellenthin. |
| 250 ## - EDITION STATEMENT | |
| Edition statement | 1st ed. |
| 260 ## - PUBLICATION, DISTRIBUTION, ETC. | |
| Place of publication, distribution, etc. | Norman : |
| Name of publisher, distributor, etc. | University of Oklahoma Press, |
| Date of publication, distribution, etc. | c1977. |
| 300 ## - PHYSICAL DESCRIPTION | |
| Extent | xix, 300 p. ; |
| Other physical details | ill. ; |
| Dimensions | 22 cm. |
| 505 ## - FORMATTED CONTENTS NOTE | |
| Formatted contents note | General Werner Baron Von fritsch (Page-3), Field Marshal Erich von (Page-19), Lieutenant General helmuth von Pannwitz (Page-41), Field Marshal Erwin Rommel (Page-55), General Heinz Guderian (Page-85), Field Marshal Friedrich Paulus (Page-103), General Horst von Mellenthin (Page-125), Field Marshal Ferdinand Schorner (Page-175), General Hermann Balck (Page-189), Wafen-SS General Joseph (Page-225), General Walther Wenck (Page-253). |
| 600 10 - SUBJECT ADDED ENTRY--PERSONAL NAME | |
| Personal name | Mellenthin, F. W. von |
| Dates associated with a name | 1904- |
| 9 (RLIN) | 108250 |
| 650 #0 - SUBJECT ADDED ENTRY--TOPICAL TERM | |
| Topical term or geographic name entry element | Generals |
| Geographic subdivision | Germany. |
| 9 (RLIN) | 48970 |
| 650 #0 - SUBJECT ADDED ENTRY--TOPICAL TERM | |
| Topical term or geographic name entry element | World War, 1939-1945 |
| General subdivision | Personal narratives, German. |
| 9 (RLIN) | 108171 |
| 650 #0 - SUBJECT ADDED ENTRY--TOPICAL TERM | |
| Topical term or geographic name entry element | World War, 1939-1945 |
| Geographic subdivision | Germany. |
| 942 ## - ADDED ENTRY ELEMENTS (KOHA) | |
| Source of classification or shelving scheme | |
| Koha item type | Book |
| Call number prefix | 940.56,MEL |
| Withdrawn status | Lost status | Source of classification or shelving scheme | Damaged status | Not for loan | Permanent Location | Current Location | Shelving location | Date acquired | Full call number | Barcode | Date last seen | Price effective from | Koha item type | Public note |
|---|---|---|---|---|---|---|---|---|---|---|---|---|---|---|
| Military College of Signals (MCS) | Military College of Signals (MCS) | General Stacks | 12/12/2016 | 940.56,MEL | MCS21896 | 12/08/2016 | 12/12/2016 | Book | Almirah No.60, Shelf No.4 |
